|
|
|
|
| LEADER |
00000naa2a2200000 4500 |
| 001 |
670135 |
| 005 |
20240222154032.0 |
| 090 |
|
|
|a 670135
|
| 100 |
|
|
|a 20240112d2023 k||y0rusy50 ca
|
| 101 |
0 |
|
|a rus
|
| 102 |
|
|
|a RU
|
| 135 |
|
|
|a drbn ---uucaa
|
| 200 |
1 |
|
|a Влияние высокоэнтальпийного двухфазного потока плазмы на структуру и свойства металлокерамических покрытий
|f Н. К. Гальченко , К. А. Колесникова
|g Национальный исследовательский Томский политехнический университет
|
| 225 |
|
|
|a Модификация поверхности
|
| 283 |
|
|
|2 RDAcarrier
|
| 320 |
|
|
|a Список использованных источников: с. 304
|
| 336 |
|
|
|a Текстовый файл
|
| 463 |
|
1 |
|0 670083
|9 670083
|a Буякова, С. П. (специалист в области материаловедения ; 1968-)
|c Томск
|d 2023
|n Изд-во ТПУ
|o сборник научных трудов Международной научно-технической молодежной конференции, Томск, 11–15 декабря 2023 г.
|t Перспективные материалы конструкционного и функционального назначения
|u conference_tpu-2023-C125.pdf
|v С. 302-304
|
| 610 |
1 |
|
|a электронный ресурс
|
| 610 |
1 |
|
|a труды учёных ТПУ
|
| 610 |
1 |
|
|a металлокерамические покрытия
|
| 610 |
1 |
|
|a напыления
|
| 700 |
|
1 |
|a Гальченко
|b Н. К.
|
| 701 |
|
1 |
|a Колесникова
|b К. А.
|c специалист в области материаловедения
|c доцент Томского политехнического университета, кандидат технических наук
|f 1979-
|g Ксения Александровна
|9 21905
|
| 712 |
0 |
2 |
|a Национальный исследовательский Томский политехнический университет
|c (2009- )
|9 26305
|
| 801 |
|
0 |
|a RU
|b 63413507
|c 20240112
|
| 850 |
|
|
|a 63413507
|
| 856 |
|
|
|u http://earchive.tpu.ru/handle/11683/77217
|z http://earchive.tpu.ru/handle/11683/77217
|
| 942 |
|
|
|c CF
|